Visualizzazione normale
Vista MARC
- Palazzo Salvatore
di Personal Name
Records bibliografici associati: 1
001 - CONTROL NUMBER
- control field: 58894
003 - CONTROL NUMBER IDENTIFIER
- control field:
005 - DATE AND TIME OF LATEST TRANSACTION
- control field: 20210504124430.0
008 - FIXED-LENGTH DATA ELEMENTS
- fixed length control field: 210504|| aca||aabn | a|a d
040 ## - CATALOGING SOURCE
- Original cataloging agency:
- Transcribing agency:
100 ## - HEADING--PERSONAL NAME
- Personal name: Palazzo Salvatore
670 ## - SOURCE DATA FOUND
- Source citation: Work cat.: (): Palazzo Salvatore, Guarire dalle ferite del tradimento, 2021